Diccionario Nietzsche: conceptos, obras, influencias y lugares

-д хадгалсан:
Номзүйн дэлгэрэнгүй
Үндсэн зохиолч: Niemeyer, Christian (autor)
Формат: Ном
Хэл сонгох:испани
Хэвлэсэн: Madrid Siglo Veintiuno 2012
Хэвлэл:1a. ed
Цуврал:Biblioteca Nueva
Нөхцлүүд:
Шошгууд: Шошго нэмэх
Шошго байхгүй, Энэхүү баримтыг шошголох эхний хүн болох!

MARC

LEADER 00000cam a2200000 a 4500
001 UCE8420
003 CL-VaPUC
008 150731e20120000sp |||||||||||||||||spa|d
020 |a 9788499402970 
082 0 4 |a 103  |b NIE  |2 21 
100 |a Niemeyer, Christian  |e autor  |9 581155 
245 1 0 |a Diccionario Nietzsche: conceptos, obras, influencias y lugares 
250 |a 1a. ed 
300 |a 638 p 
942 |c BK 
945 |d 20150731 12:25:00  |a gsalatino 
260 |a Madrid  |b Siglo Veintiuno  |c 2012 
650 7 |a DICCIONARIOS FILOSOFICOS  |2 CL-VaPUC  |9 581156 
583 |a last modification  |c 20150731 12:25:00  |k Rodrigo Vera 
490 0 |a Biblioteca Nueva 
999 |c 360290  |d 360288 
952 |0 0  |1 0  |3 erd  |4 0  |6 103_000000000000000_NIE_2012  |7 0  |8 X  |9 470007  |a BIBEDU  |b BIBEDU  |i 519265K  |o 103 NIE 2012  |p 519265K  |r 2023-01-13  |w 2019-11-23  |y BK_X  |z Catalogado en:20150731  |k FIL